000 00568nam a22001817a 4500
003 OSt
005 20140310181912.0
008 130713t xxu||||| |||| 00| 0 eng d
050 _aBX 2320.5
_b.T468 1984
082 _aTR 303.34
_bT38 1984
245 _aLiving stones : a study in faith and life for developing leadership in young adults / by
_cMervin E. Thompson.
260 _aMinneapolis :
_bAugsburg Publishing House,
_cc1984.
300 _a80 p. :
_bill. ;
_c28 cm.
521 _aFaculty
541 _j1
562 _e1
942 _2lcc
_cBK-TR
_kTR
999 _c6572
_d6572